Color the LGBTQ+ Pride Flag - Statistics

General Stats
  • This quiz has been taken 1,224 times
  • The average score is 6 of 6
Answers on the Map
Answers color-coded by a green-red scale on the quiz's map according to % correct below.
 
Answer Stats
Answer % Correct
yellow
100%
blue
99%
green
99%
red
99%
violet
98%
orange
97%
No matching quizzes found
Score Distribution
Percent of People with Each Score
Percentile by Number Answered
Your Score History
You have not taken this quiz